<?xml version="1.0" encoding="UTF-8"?>
<record
    xmlns:xsi="http://www.w3.org/2001/XMLSchema-instance"
    xsi:schemaLocation="http://www.loc.gov/MARC21/slim http://www.loc.gov/standards/marcxml/schema/MARC21slim.xsd"
    xmlns="http://www.loc.gov/MARC21/slim">

  <leader>02022nam a2200253Ia 4500</leader>
  <controlfield tag="001">IA_Ray florets of five different varieties of dahlias were place in clamshell containers of known volume, and kept at 4 &#xB0; C and room temperature (22 &#xB1;2 &#xB0; C). A completely factorial randomized 2 x 5 design, with three replications. Weight loss (%), total soluble solids (TSS), titratable acidity (TA), respiration rate (TR) and ethylene production (PE) were analyzed. Also a sensory evaluation using the five-point hedonic scale was conducted, evaluating the attributes of taste, palatable texture, visual appearance and rotting. The results indicated that at lower temperature, the physical, chemical and sensory characteristics of the ray florets of dahlia, were kept for 14 days, compared to those kept at 22 &#xB0; C, where the quality of florets was lost after the day 3 of storage. At 4 &#xB0; C the yellow variety presented the lowest weight loss, TSS, TR and PE. The yellow and white varieties showed the heighest values of brightness, chroma and hue angle. Finally, in the sensory evaluation, the red, cherry and white varieties showed good texture and good flavor, in all the varieties there were no signs of rot during the storage period.</controlfield>
  <controlfield tag="002">CONSERVACION DE PETALOS DE DALIA (DAHLIA SSP.) CON</controlfield>
  <controlfield tag="008">220117s    xx            000 0 und d</controlfield>
  <datafield tag="010" ind1=" " ind2=" ">
    <subfield code="a">185989</subfield>
  </datafield>
  <datafield tag="530" ind1=" " ind2=" ">
    <subfield code="a">Disponible en PDF</subfield>
  </datafield>
  <datafield tag="650" ind1=" " ind2=" ">
    <subfield code="a">Calidad del producto  </subfield>
    <subfield code="9">148310</subfield>
  </datafield>
  <datafield tag="650" ind1=" " ind2=" ">
    <subfield code="a">Dahlia</subfield>
    <subfield code="x">Alimentos  </subfield>
    <subfield code="9">160926</subfield>
  </datafield>
  <datafield tag="650" ind1=" " ind2=" ">
    <subfield code="a">Dahlia</subfield>
    <subfield code="x">Foods  </subfield>
    <subfield code="9">160927</subfield>
  </datafield>
  <datafield tag="650" ind1=" " ind2=" ">
    <subfield code="a">Physicochemical properties  </subfield>
    <subfield code="9">147535</subfield>
  </datafield>
  <datafield tag="650" ind1=" " ind2=" ">
    <subfield code="a">Postharvest treatment  </subfield>
    <subfield code="9">160928</subfield>
  </datafield>
  <datafield tag="650" ind1=" " ind2=" ">
    <subfield code="a">Product quality</subfield>
    <subfield code="9">148311</subfield>
  </datafield>
  <datafield tag="650" ind1=" " ind2=" ">
    <subfield code="a">Propiedades fisicoqu&#xED;micas  </subfield>
    <subfield code="9">139393</subfield>
  </datafield>
  <datafield tag="650" ind1=" " ind2=" ">
    <subfield code="a">Tratamiento postcosecha  </subfield>
    <subfield code="9">160929</subfield>
  </datafield>
  <datafield tag="700" ind1=" " ind2=" ">
    <subfield code="a">Beryl Colinas Le&#xF3;n, Mar&#xED;a Teresa</subfield>
    <subfield code="9">160930</subfield>
  </datafield>
  <datafield tag="700" ind1=" " ind2=" ">
    <subfield code="a">Mart&#xED;nez Dami&#xE1;n, Mar&#xED;a Teresa, asesor </subfield>
    <subfield code="9">163766</subfield>
  </datafield>
  <datafield tag="700" ind1=" " ind2=" ">
    <subfield code="a">Mej&#xED;a Mu&#xF1;oz, Jos&#xE9; Merced, asesor</subfield>
    <subfield code="9">163767</subfield>
  </datafield>
  <datafield tag="942" ind1=" " ind2=" ">
    <subfield code="c">TESIS H472 2015</subfield>
  </datafield>
  <datafield tag="999" ind1=" " ind2=" ">
    <subfield code="c">185989</subfield>
    <subfield code="d">185989</subfield>
  </datafield>
</record>
